logo

Bir Sreshtho Munshi Abdur Rouf Library
Jhenaidah Cadet College

The flowering of New England / (Record no. 9530)

MARC details
000 -LEADER
fixed length control field 00979nam a2200313 a 4500
001 - CONTROL NUMBER
JCCL Control Number 9530
003 - CONTROL NUMBER IDENTIFIER
JCCL marc code BD-JhCC
005 - DATE AND TIME OF LATEST TRANSACTION
control field 20180318124142.0
008 - FIXED-LENGTH DATA ELEMENTS--GENERAL INFORMATION
fixed length control field 180318s19551936nyu 001 0 eng d
035 ## - SYSTEM CONTROL NUMBER
system control number (BD-JhCC)9530
040 ## - CATALOGING SOURCE
Original cataloging agency BD-JhCC
Modifying agency BD-JhCC
041 ## - LANGUAGE CODE
Language code of Book eng
082 ## - DEWEY DECIMAL CLASSIFICATION NUMBER
Classification number 810.903
Author mark and Year BRO 1955.
100 1# - MAIN ENTRY--PERSONAL NAME
Personal name Brooks, Van Wyck,
Dates associated with a name 1886-1963.
245 14 - TITLE STATEMENT
Title The flowering of New England /
Statement of responsibility, etc by Van Wyck Brooks.
260 ## - PUBLICATION, DISTRIBUTION, ETC. (IMPRINT)
Place of publication, distribution, etc New York :
Name of publisher, distributor, etc E.P. Dutton ;
Place of publication, distribution, etc London :
Name of publisher, distributor, etc J.M. Dent,
Date of publication, distribution, etc 1955.
300 ## - PHYSICAL DESCRIPTION
Pagination viii, 563 p. ;
Dimensions 19 cm.
490 1# - SERIES STATEMENT
Series statement Everyman's library ;
Volume number/sequential designation 645A.
Series statement Essays and belles lettres
500 ## - GENERAL NOTE
General note Includes index
500 ## - GENERAL NOTE
General note First published, 1936
504 ## - BIBLIOGRAPHY, ETC. NOTE
Bibliography, etc Includes Index
650 #0 - SUBJECT ADDED ENTRY--TOPICAL TERM
Topical term or geographic name as entry element American literature
Geographic subdivision New England.
650 #0 - SUBJECT ADDED ENTRY--TOPICAL TERM
Topical term or geographic name as entry element American literature
Chronological subdivision 19th century
General subdivision History and criticism.
651 #0 - SUBJECT ADDED ENTRY--GEOGRAPHIC NAME
Geographic name New England
General subdivision Civilization.
830 #0 - SERIES ADDED ENTRY--UNIFORM TITLE
Uniform title Everyman's library ;
Volume number/sequential designation 645A.
830 #0 - SERIES ADDED ENTRY--UNIFORM TITLE
Uniform title Everyman's library.
942 ## - ADDED ENTRY ELEMENTS (KOHA)
Source of classification or shelving scheme Dewey Decimal Classification
Koha item type Books
Holdings
Source of classification or shelving scheme Damaged status Not for loan Home library Current library Shelving location Date of accession Total Checkouts Full call number Barcode Date last seen Copy number Koha item type
Dewey Decimal Classification     JCC Rouf Library JCC Rouf Library General Stacks 03/18/2018   810.903 BRO 1955. 12046 03/18/2018 C-1 Books

JCC Library | Contacts | JCC Home

Last Update on 23 September 2017
Copyright @ 2017-2020 JCC Rouf Library
Rouf Library, Jhenidah Cadet College (JCC), Bangladesh